| 000 | 00561nam a2200169 i 4500 | ||
|---|---|---|---|
| 001 | 104267 | ||
| 003 | ES-MaACL | ||
| 005 | 20230906183545.0 | ||
| 007 | t| | ||
| 008 | 051125s1918 fr ||||1| fre d | ||
| 100 | 1 |
_aMiliukov, Pavel Nikolaevich. _981115 |
|
| 245 | 1 | 3 |
_aLe mouvement intellectuel russe / _cPavel Nikolaievitch Milioukov; traduit du russe par J. Wladimir Bienstock. |
| 260 |
_aSaint Amand : _b[s.n.], _c1918 ( _fBussière) |
||
| 300 |
_a445 p. ; _c25 cm. |
||
| 700 | 1 |
_aBienstock, J. Wladimir ( _d1868-1933) _928814 |
|
| 852 |
_aES-MaACL _jF-1403 |
||
| 999 |
_c104267 _d104267 |
||